000
00254nam a2200109Ia 4500
008
200302s9999 xx 000 0 und d
100
_a
William R. Marken
245
_a
Complete Deck Book
260
_b
Sunset Books Inc.
260
_c
1996
300
_a
272 P.,
999
_c
1475
_d
1475